1474 1002 1831 1924 1421 1362 1425 1019 1374 1640 1217 1446 1120 1562 1211 1298 1836 1616 1937 1726 1562 1707 1555 1650 1713 1382 1167 1023 1814 1584 1748 1711 1183 1250 1867 1478 1063 1415 1912 1548 1355 1555 1759 1811 1163 1597 1277 1495 1635 1580 1721 1930 1243 1403 1410 1781 1882 1288 1914 1213 1495 1988 1119 1231 1227 1255 1869 1732 1528 1268 1085 1704 1383 1609 1091 1373 1633 1358 1844 1505 1400 1018 1945 1381 1885 1411 1698 1939 1107 1378 1369 1786 1112 1753 1733 1026 1018 1401 1796 BCNSPRNW ULIB Ver.6.0+V

เปลี่ยนเป็นภาษาไทย

Change to English
 แสดงรายละเอียดบรรณานุกรม
  กลับหน้าหลัก

Brief Record : Get Marc (ISO 2709) : E-mail record : QR code < ปิดหน้าต่าง
LEADER : 00000nam 2200000uu 4500
001    13399125977
003     ULIB
008    020711s2560 th a 000 0 tha d
020    ^a9786163958130
050    ^aLA1221^bส-ก
110    ^aสำนักมาจรฐานและประเมินผลอุดมศึกษา สำนักงานคณะกรรมการการอุดมศึกษา กระทรวงศึกษาธิการ
245    ^aเกณฑ์มาตรฐานหลักสูตรระดับอุดมศึกษา พ.ศ. 2558 และเกณฑ์มาตรฐานที่เกี่ยวข้อง
260    ^aกรุงเทพฯ :^bบริษัทวงศ์สว่างพับลิชชิ่งแอนด์พริ้นติ้ง จำกัด,^c2560
300    ู^a141 หน้า;^c16 ซม.
650    ^aหลักสูตร-การเรียนการสอน
945    ^p0^l0^i003408
999    ^aประนอม เกษจรัล
รายการนี้ยังไม่มีแท็ก
คุณยังไม่ได้ล็อกอิน คุณสามารถมีกิจกรรมร่วมกับเว็บไซต์ได้ แต่ต้องล็อกอินก่อน ::
  ล็อกอิน

รายการสื่อสารสนเทศ

ลำดับที่ ประเภท เลขเรียก/บาร์โค้ด สถานที่ สถานะ
1. การศึกษาทั่วไป
การศึกษาทั่วไป
LA1221 ส-ก ฉ.1 
  Barcode: 003408
ห้องสมุดวิทยาเขตสวรรค์ประชารักษ์
►หนังสือทั่วไป
บนชั้น

BibComment


ยังไม่เคยถูกคอมเมนท์

คอมเมนท์ทรัพยากรรายการนี้
  คอมเมนท์: เกณฑ์มาตรฐานหลัก..


 Copyright 2026. Bcnsprnw @Library